| 000 | 00660nam a2200193 4500 | ||
|---|---|---|---|
| 001 | 902 | ||
| 005 | 20210305120034.0 | ||
| 008 | 210305b ||||| |||| 00| 0 eng d | ||
| 020 | 0 | 0 | _a9789993668001 |
| 090 | 0 | 0 | _a954.98 T8823g 2009 |
| 100 | 0 | 0 | _aTshewang, Lhendup. |
| 245 | 0 | 0 |
_aའབྲུག་གཞོན་ནུ་བུང་བའི་བཀྲིན། _bDruk zhen Norbu bay-ten / _cLhendup Tshewang. |
| 260 | 0 | 0 |
_aThimphu : _bMinistry of Education, _c2009. |
| 300 | 0 | 0 | _a70 p. |
| 500 | 0 | 0 | _aIn Dzongkha. |
| 650 | 0 | 0 | _aCoronations --Bhutan. |
| 650 | 0 | 0 | _aJigme Gesar Namgyel Wangchuck̇, King of Bhutan, 1980- --Coronation |
| 942 |
_2ddc _cDZONGKHA |
||
| 999 |
_c641 _d641 |
||